| 000 | 00650nam a2200265Ia 4500 | ||
|---|---|---|---|
| 008 | 210210b2006 xxu||||| |||| 00| 0 eng d | ||
| 020 | _a13: 9780763737696 | ||
| 041 | _aeng | ||
| 082 | _a004.22 NULE | ||
| 100 | _aNULL (Linda) | ||
| 245 | _aEssentials of computer organization and architecture Ed2 | ||
| 250 | _a | ||
| 260 |
_aSudbury _bJones & Bartlett Publishers _c2006 |
||
| 300 | _axxxii,799 | ||
| 650 | _aorganization | ||
| 650 | _aof | ||
| 650 | _aEssentials | ||
| 650 | _aEd2 | ||
| 650 | _acomputer | ||
| 650 | _aarchitecture | ||
| 650 | _aand | ||
| 690 | _aComputer Science | ||
| 700 | _aJULIA (Lobur) | ||
| 906 | _a065735 | ||
| 999 |
_c147001 _d147001 |
||